Statistics for La Liga Winners Tile Select

Click here to take the quiz!

General Stats

  • This quiz has been taken 42 times
  • The average score is 44 of 48

Answer Stats

QuestionTileSelect% Correct
La Liga WinnersAlbaceteNo
100%
La Liga WinnersCádizNo
100%
La Liga WinnersFC BarcelonaYes
100%
La Liga WinnersReal OviedoNo
100%
La Liga WinnersReal UniónNo
100%
La Liga WinnersRecreativo de HuelvaNo
100%
La Liga WinnersSabadellNo
100%
La Liga WinnersValladolidNo
100%
La Liga WinnersXerezNo
100%
La Liga WinnersAlavésNo
97%
La Liga WinnersAlmeríaNo
97%
La Liga WinnersCastellónNo
97%
La Liga WinnersCórdobaNo
97%
La Liga WinnersEibarNo
97%
La Liga WinnersElcheNo
97%
La Liga WinnersReal MurciaNo
97%
La Liga WinnersSalamancaNo
97%
La Liga WinnersAtletico MadridYes
95%
La Liga WinnersGimnàsticNo
95%
La Liga WinnersHérculesNo
95%
La Liga WinnersArenas ClubNo
92%
La Liga WinnersGetafeNo
92%
La Liga WinnersGrenadaNo
92%
La Liga WinnersHuescaNo
92%
La Liga WinnersNumanciaNo
92%
La Liga WinnersRayo VallecanoNo
92%
La Liga WinnersReal BurgosNo
92%
La Liga WinnersReal MadridYes
92%
La Liga WinnersSporting GijónNo
92%
La Liga WinnersTenerifeNo
92%
La Liga WinnersValencia CFYes
92%
La Liga WinnersAthletic BilbaoYes
89%
La Liga WinnersCelta VigoNo
89%
La Liga WinnersGironaNo
89%
La Liga WinnersMallorcaNo
89%
La Liga WinnersLas PalmasNo
87%
La Liga WinnersLeganésNo
87%
La Liga WinnersOsasunaNo
87%
La Liga WinnersRacing SantanderNo
87%
La Liga WinnersLevanteNo
84%
La Liga WinnersSevilla FCYes
84%
La Liga WinnersEspanyolNo
82%
La Liga WinnersReal ZaragozaNo
82%
La Liga WinnersDeportivo La CoruñaYes
79%
La Liga WinnersMálagaNo
76%
La Liga WinnersReal BetisYes
76%
La Liga WinnersReal SociedadYes
74%
La Liga WinnersVillarrealNo
74%

Score Distribution

Percentile by Number Answered

Percent of People with Each Score

Your Score History

You have not taken this quiz